A házgyárak és a lakásépítés
Elmentve itt :
| Szerző: | |
|---|---|
| Dokumentumtípus: | Cikk |
| Megjelent: |
1964-05-05
|
| Sorozat: | Délmagyarország
54 No. 103 |
| Kulcsszavak: | Gilyén Jenő, DÉLÉP Házgyár, Építkezés lakás 1964 |
| Online Access: | http://dmarchiv.bibl.u-szeged.hu/66353 |
| LEADER | 00499nab a2200157 i 4500 | ||
|---|---|---|---|
| 001 | delm66353 | ||
| 005 | 20180927153746.0 | ||
| 008 | 180927s1964 hu o 0|| hun d | ||
| 040 | |a SZTE Délmagyarország Archívum |b hun | ||
| 041 | |a hun | ||
| 100 | 1 | |a Kovács Attila | |
| 245 | 1 | 2 | |a A házgyárak és a lakásépítés |h [elektronikus dokumentum] / |c Kovács Attila |
| 260 | |c 1964-05-05 | ||
| 300 | |a 3 | ||
| 490 | 0 | |a Délmagyarország |v 54 No. 103 | |
| 695 | |a Gilyén Jenő, DÉLÉP Házgyár, Építkezés lakás 1964 | ||